Diseño eléctrico inteligente aplicado al sector residencial en Costa Rica
Salvato in:
| Autore principale: | |
|---|---|
| Altri autori: | |
| Natura: | Libro |
| Pubblicazione: |
[San José, Costa Rica]
2009
|
| Soggetti: | |
| Tags: |
Aggiungi Tag
Nessun Tag, puoi essere il primo ad aggiungerne!!
|
MARC
| LEADER | 00000nam a2200000Ia 4500 | ||
|---|---|---|---|
| 003 | 010400 | ||
| 005 | 20221231144051.0 | ||
| 008 | 140114s2009 cr a 000 ||s d | ||
| 040 | |c cru CEDI | ||
| 090 | |a TFG 5842 | ||
| 100 | |a Rodriguez R, Daniel |9 3883 | ||
| 245 | |a Diseño eléctrico inteligente aplicado al sector residencial en Costa Rica | ||
| 260 | |c 2009 |b [San José, Costa Rica] | ||
| 300 | |a xvi, 276 hojas; ilustraciones | ||
| 500 | |a Proyecto de graduación (bachiller en ingeniería eléctrica)--Universidad de Costa Rica. Facultad de Ingeniería. Escuela de Ingeniería Eléctrica | ||
| 650 | |x INSTALACIONES ELECTRICAS - EQUIPO ELECTRICO |x COSTA RICA |x DISEÑO Y CONSTRUCCION |x SISTEMAS ELECTRONICOS |9 3884 | ||
| 700 | |9 3882 |a Arguedas G., Marlon | ||
| 942 | |c TFG | ||
| 999 | |c 16393 |d 16393 | ||
